| 000 | 00370nam a2200133Ia 4500 | ||
|---|---|---|---|
| 005 | 20251222144743.0 | ||
| 008 | 251222s9999||||xx |||||||||||||| ||spa|| | ||
| 020 | _a9972-9867-4-8 | ||
| 082 | _a354.309.85/S26 | ||
| 100 | _aSaravia Núñez, Mario | ||
| 245 | 0 | _aNuevos Marcos Nomativos para la Gestión Ambiental | |
| 264 | _bForo de Ciudades para la Vida | ||
| 942 | _cLIB | ||
| 999 |
_c19032 _d19032 |
||